[Event "CZE-chT1W 0809"]
[Site "Czech Republic"]
[Date "2008.11.02"]
[Round "2.7"]
[White "Vokoun, Jan"]
[Black "Kopal, Josef"]
[Result "0-1"]
[WhiteElo "2221"]
[BlackElo "2273"]
[PlyCount "120"]
[EventDate "2008.10.19"]
[EventType "team-tourn"]
[EventRounds "11"]
[EventCountry "CZE"]
[SourceTitle "EXT 2010"]
[Source "ChessBase"]
[SourceDate "2010.11.25"]
[SourceVersion "1"]
[SourceVersionDate "2010.11.25"]
[SourceQuality "1"]
[WhiteTeam "Praha Pankrac"]
[BlackTeam "Hradec Kralove"]
[WhiteTeamCountry "CZE"]
[BlackTeamCountry "CZE"]

1. Nf3 d5 2. g3 Nf6 3. Bg2 c6 4. 0-0 Bg4 5. d3 Nbd7 6. Nbd2 e6 7. e4 Be7 8. Qe2 0-0 9. Re1 Nc5 10. h3 Bh5 11. g4 Bg6 12. Ne5 Ncd7 13. Nxg6 hxg6 14. e5 Nh7 15. f4 Re8 16. g5 Bc5+ 17. Kh2 Nb6 18. Nb3 Bf8 19. h4 Nc8 20. Be3 b6 21. d4 Ne7 22. Bf2 Nf5 23. Rh1 c5 24. c3 cxd4 25. cxd4 a5 26. a4 Bb4 27. Kg1 Nf8 28. Bf1 Qd7 29. Qd1 Rec8 30. Kg2 Rc7 31. Bd3 Rac8 32. Nc1 Qe7 33. Ne2 Ra8 34. Rh3 Raa7 35. Ng3 Qd7 36. Qg4 Qc8 37. Rhh1 Rc6 38. Rad1 Rac7 39. Ne2 Nd7 40. Rh3 Nb8 41. Rdh1 Bf8 42. Nc3 Ra7 43. Nb5 Ra8 44. Qd1 Na6 45. Nc3 Nb4 46. Bb1 Qd7 47. Qf3 Rac8 48. R3h2 Rc4 49. Rd1 Nc6 50. Ne2 Rxa4 51. h5 Nce7 52. Qh3 Rb4 53. b3 a4 54. Ng3 Rxb3 55. hxg6 fxg6 56. Qh7+ Kf7 57. Nxf5 gxf5 58. Rh6 Ke8 59. Rf6 Qb5 60. Bxf5 exf5 0-1

[Event "CZE-chT2C 0809"]
[Site "Czech Republic"]
[Date "2008.10.12"]
[Round "1.2"]
[White "Meduna, Eduard"]
[Black "Kopal, Josef"]
[Result "1-0"]
[WhiteElo "2469"]
[BlackElo "2273"]
[PlyCount "95"]
[EventDate "2008.10.12"]
[EventType "team-tourn"]
[EventRounds "11"]
[EventCountry "CZE"]
[SourceTitle "EXT 2010"]
[Source "ChessBase"]
[SourceDate "2010.11.25"]
[SourceVersion "1"]
[SourceVersionDate "2010.11.25"]
[SourceQuality "1"]
[WhiteTeam "Jicin"]
[BlackTeam "Turnov Zikuda II"]
[WhiteTeamCountry "CZE"]
[BlackTeamCountry "CZE"]

1. c4 c6 2. e4 e6 3. Nc3 d5 4. cxd5 exd5 5. exd5 cxd5 6. d4 Nf6 7. Nf3 Be7 8. Bd3 Nc6 9. h3 0-0 10. 0-0 h6 11. Bf4 Be6 12. Rc1 Qb6 13. Na4 Qa5 14. a3 Rfc8 15. b4 Qd8 16. Nc5 Bxc5 17. dxc5 a6 18. Re1 Qd7 19. Ne5 Nxe5 20. Bxe5 Ne4 21. f3 Ng5 22. h4 Nh7 23. Bc2 Nf8 24. Bd6 Qd8 25. Qd4 Nh7 26. Rcd1 a5 27. b5 b6 28. Bxh7+ Kxh7 29. cxb6 Qxd6 30. b7 Qxa3 31. bxa8Q Rxa8 32. b6 Rb8 33. Rb1 Rb7 34. Rec1 Qd6 35. Qd3+ g6 36. Qd4 a4 37. Rb4 h5 38. Qc5 Qxc5+ 39. Rxc5 d4 40. Ra5 Bb3 41. Ra7 Rb8 42. Kf2 Kg7 43. Ke2 Kf6 44. Kd3 Ke5 45. b7 Kd6 46. Ra8 Kc7 47. Rxb8 Kxb8 48. Kxd4 1-0

[Event "Pardubice Oce op 19th"]
[Site "Pardubice"]
[Date "2008.07.11"]
[Round "3"]
[White "Kopal, Josef"]
[Black "Skacelik, Petr"]
[Result "0-1"]
[WhiteElo "2264"]
[BlackElo "2223"]
[PlyCount "92"]
[EventDate "2008.07.10"]
[EventType "team"]
[EventRounds "7"]
[EventCountry "CZE"]
[SourceTitle "CBM 125 Extra"]
[Source "ChessBase"]
[SourceDate "2008.09.01"]
[SourceVersion "1"]
[SourceVersionDate "2008.09.01"]
[SourceQuality "1"]

1. e4 c5 2. c4 d6 3. Nc3 Nc6 4. g3 g6 5. Bg2 Bg7 6. Nge2 e6 7. 0-0 Nge7 8. a3 a5 9. Rb1 0-0 10. d3 Rb8 11. h3 b6 12. Kh2 Bb7 13. Bf4 f5 14. Bg5 e5 15. f4 h6 16. Bxe7 Nxe7 17. Nd5 Nxd5 18. cxd5 Qd7 19. Qc2 Ba6 20. b3 Rbc8 21. fxe5 Bxe5 22. Nf4 Bxf4 23. Rxf4 fxe4 24. Bxe4 g5 25. Rff1 Rxf1 26. Rxf1 Rf8 27. Rxf8+ Kxf8 28. b4 axb4 29. axb4 Bc8 30. Bg2 Qf5 31. bxc5 bxc5 32. Qb2 Kg8 33. d4 cxd4 34. Qxd4 Qe5 35. Qc4 Bf5 36. Qb4 Kg7 37. Qb7+ Kg8 38. Qc7 Bg6 39. Qb8+ Kg7 40. Bf3 h5 41. Kg2 h4 42. Qc7+ Kh6 43. gxh4 gxh4 44. Kf1 Bd3+ 45. Kf2 Qd4+ 46. Kg2 Qg7+ 0-1

[Event "CZE-chT1W 0708"]
[Site "Czech Republic"]
[Date "2008.02.10"]
[Round "7.3"]
[White "Simek, Petr1111"]
[Black "Kopal, Josef"]
[Result "1-0"]
[WhiteElo "2231"]
[BlackElo "2270"]
[PlyCount "85"]
[EventDate "2007.10.28"]
[EventType "team"]
[EventRounds "11"]
[EventCountry "CZE"]
[SourceTitle "EXT 2009"]
[Source "ChessBase"]
[SourceDate "2008.11.26"]
[SourceVersion "1"]
[SourceVersionDate "2008.11.26"]
[SourceQuality "1"]
[WhiteTeam "Praha CSOB"]
[BlackTeam "Hradec Kralove"]
[WhiteTeamCountry "CZE"]
[BlackTeamCountry "CZE"]

1. e4 Nf6 2. e5 Nd5 3. d4 d6 4. Nf3 dxe5 5. Nxe5 Nd7 6. Nf3 e6 7. c4 N5f6 8. Nc3 c5 9. Be2 Be7 10. dxc5 Bxc5 11. 0-0 0-0 12. Bf4 Nh5 13. Bd6 Bxd6 14. Qxd6 Qb6 15. Qxb6 axb6 16. Rfd1 Nf4 17. Bf1 e5 18. g3 Ng6 19. Nd5 f6 20. Bh3 f5 21. Ng5 e4 22. Ne6 Rf7 23. Ng5 Rf8 24. Ne6 Rf7 25. Nd4 Nde5 26. Nxb6 Rb8 27. Nxc8 Rxc8 28. Bxf5 Rxc4 29. Be6 Rxd4 30. Rxd4 Nf3+ 31. Kg2 Nxd4 32. Bxf7+ Kxf7 33. Rd1 Nc2 34. Rd7+ Kf6 35. Rxb7 Ne5 36. a4 Ng4 37. a5 Ne1+ 38. Kf1 Nd3 39. a6 Ndxf2 40. a7 e3 41. a8Q Nxh2+ 42. Ke2 Nhg4 43. Qf8+ 1-0

[Event "CZE-chT1W 0708"]
[Site "Czech Republic"]
[Date "2007.10.28"]
[Round "1.5"]
[White "Kopal, Josef"]
[Black "Kucera, Petr"]
[Result "1/2-1/2"]
[WhiteElo "2270"]
[BlackElo "2258"]
[PlyCount "56"]
[EventDate "2007.10.28"]
[EventType "team"]
[EventRounds "11"]
[EventCountry "CZE"]
[SourceTitle "EXT 2009"]
[Source "ChessBase"]
[SourceDate "2008.11.26"]
[SourceVersion "1"]
[SourceVersionDate "2008.11.26"]
[SourceQuality "1"]
[WhiteTeam "Hradec Kralove"]
[BlackTeam "Novoborsky II"]
[WhiteTeamCountry "CZE"]
[BlackTeamCountry "CZE"]

1. e4 c6 2. Nc3 d5 3. Nf3 dxe4 4. Nxe4 Nd7 5. Qe2 e6 6. g3 Ngf6 7. Bg2 Nxe4 8. Qxe4 Nf6 9. Qe2 Bd6 10. 0-0 0-0 11. d4 a5 12. Rd1 a4 13. c4 Bd7 14. Ne5 h6 15. Bf4 Qe7 16. Rac1 Rfd8 17. Nd3 Be8 18. Bxd6 Rxd6 19. Nc5 b6 20. Ne4 Nxe4 21. Qxe4 Rad8 22. Rd3 c5 23. d5 Qf6 24. Qe2 exd5 25. Bxd5 Bc6 26. Rcd1 Bxd5 27. Rxd5 Rxd5 28. cxd5 Rd6 1/2-1/2

[Event "CZE-chT 0607"]
[Site "Czech Republic"]
[Date "2007.03.11"]
[Round "9.5"]
[White "Kopal, Josef"]
[Black "Lahner, Jakub"]
[Result "1/2-1/2"]
[WhiteElo "2262"]
[BlackElo "2321"]
[PlyCount "54"]
[EventDate "2006.12.01"]
[EventType "team"]
[EventRounds "11"]
[EventCountry "CZE"]
[SourceTitle "EXT 2008"]
[Source "ChessBase"]
[SourceDate "2007.11.25"]
[SourceVersion "1"]
[SourceVersionDate "2007.11.25"]
[SourceQuality "1"]
[WhiteTeam "Turnov Zikuda"]
[BlackTeam "Frydek Mistek"]
[WhiteTeamCountry "CZE"]
[BlackTeamCountry "CZE"]

1. e4 c5 2. c4 Nc6 3. Nc3 g6 4. g3 Bg7 5. Bg2 d6 6. Nge2 e6 7. 0-0 Nge7 8. a3 0-0 9. Rb1 b6 10. b4 Bb7 11. d3 Qd7 12. Be3 Nd4 13. Qd2 Rfd8 14. Bh6 Nxe2+ 15. Nxe2 e5 16. Bxg7 Kxg7 17. f4 f6 18. Nc3 Rf8 19. f5 g5 20. b5 a6 21. a4 Rh8 22. Bf3 h5 23. h4 g4 24. Be2 a5 25. Nd1 Ng8 26. Ne3 Nh6 27. Rf2 Rag8 1/2-1/2

[Event "CZE-chT1W 0607"]
[Site "Czech Republic"]
[Date "2007.02.18"]
[Round "8.5"]
[White "Kopal, Josef"]
[Black "Cifka, Stanislav"]
[Result "1/2-1/2"]
[WhiteElo "2276"]
[BlackElo "2341"]
[PlyCount "181"]
[EventDate "2006.10.29"]
[EventType "team"]
[EventRounds "11"]
[EventCountry "CZE"]
[SourceTitle "EXT 2009"]
[Source "ChessBase"]
[SourceDate "2008.11.26"]
[SourceVersion "1"]
[SourceVersionDate "2008.11.26"]
[SourceQuality "1"]
[WhiteTeam "Hradec Kralove"]
[BlackTeam "Praha Holdia"]
[WhiteTeamCountry "CZE"]
[BlackTeamCountry "CZE"]

1. e4 e6 2. d4 d5 3. e5 c5 4. c3 Qb6 5. Nf3 Nc6 6. a3 Nh6 7. b4 cxd4 8. Bxh6 gxh6 9. cxd4 Bg7 10. Nc3 f6 11. Na4 Qc7 12. exf6 Bxf6 13. Bb5 a5 14. 0-0 0-0 15. Qd2 Bg7 16. Rac1 axb4 17. axb4 Qd6 18. Bxc6 bxc6 19. Nc5 Qf4 20. Qc3 Ra2 21. Ra1 Re2 22. Nd3 Qf5 23. Nde5 Rc2 24. Qe3 Qe4 25. Rfc1 Bxe5 26. Qxe4 Rxc1+ 27. Rxc1 Bxh2+ 28. Kxh2 dxe4 29. Ne5 Rxf2 30. Rxc6 Bb7 31. Rxe6 Bd5 32. Re8+ Kg7 33. Ng4 Re2 34. Re5 Bf7 35. d5 h5 36. Rg5+ Bg6 37. d6 hxg4 38. Rd5 Be8 39. d7 Bxd7 40. Rxd7+ Kf6 41. Rxh7 Re3 42. b5 Rb3 43. b6 e3 44. Kg3 Rb1 45. Rh6+ Kf5 46. Rh5+ Ke4 47. Rh8 e2 48. Re8+ Kd3 49. Kxg4 e1Q 50. Rxe1 Rxe1 51. Kf5 Kd4 52. g4 Re5+ 53. Kf6 Rb5 54. g5 Rxb6+ 55. Kf5 Rb5+ 56. Kf6 Ke4 57. g6 Rb6+ 58. Kf7 Kf5 59. g7 Rb7+ 60. Kf8 Kf6 61. g8N+ Ke6 62. Nh6 Rd7 63. Ng8 Rf7+ 64. Ke8 Rf1 65. Nh6 Ra1 66. Kf8 Rg1 67. Ng8 Rg6 68. Ne7 Rf6+ 69. Ke8 Rf1 70. Nc8 Rb1 71. Kd8 Rb7 72. Ke8 Rc7 73. Kd8 Rc6 74. Na7 Rc4 75. Nc8 Rc1 76. Nb6 Rc5 77. Nc8 Rc6 78. Na7 Ra6 79. Nc8 Ra1 80. Kc7 Rc1+ 81. Kd8 Rh1 82. Kc7 Rh2 83. Kd8 Rh7 84. Nb6 Rg7 85. Nc8 Rb7 86. Ke8 Rd7 87. Nb6 Rc7 88. Kd8 Kd6 89. Nc8+ Kc6 90. Ne7+ Kb7 91. Ke8 1/2-1/2

[Event "CZE-chT1W 0607"]
[Site "Czech Republic"]
[Date "2007.01.07"]
[Round "5.5"]
[White "Kopal, Josef"]
[Black "Muron, Miroslav"]
[Result "1-0"]
[WhiteElo "2276"]
[BlackElo "2200"]
[PlyCount "95"]
[EventDate "2006.10.29"]
[EventType "team"]
[EventRounds "11"]
[EventCountry "CZE"]
[SourceTitle "EXT 2009"]
[Source "ChessBase"]
[SourceDate "2008.11.26"]
[SourceVersion "1"]
[SourceVersionDate "2008.11.26"]
[SourceQuality "1"]
[WhiteTeam "Hradec Kralove"]
[BlackTeam "Praha Dukla"]
[WhiteTeamCountry "CZE"]
[BlackTeamCountry "CZE"]

1. e4 e5 2. f4 exf4 3. Bc4 Qe7 4. Nc3 c6 5. Qe2 d6 6. d3 g5 7. h4 Bg7 8. hxg5 Qxg5 9. Qf2 Nd7 10. Bxf4 Qg6 11. Nf3 Ne5 12. Nxe5 dxe5 13. Be3 Nf6 14. Bxa7 Ng4 15. Qc5 Bh6 16. Nd1 Bf4 17. Qg1 Bg3+ 18. Kd2 Rxa7 19. Qxa7 Qg5+ 20. Kc3 Bf4 21. a4 0-0 22. Kb3 h5 23. a5 h4 24. Qb6 Nh2 25. Qg1 Ng4 26. Qe1 Bg3 27. Qb4 Kg7 28. Qb6 Qd2 29. Qg1 Rd8 30. Nc3 Ne3 31. Qc1 Qxc1 32. Raxc1 Nxg2 33. Ne2 Nf4 34. Nxg3 hxg3 35. Rcg1 g2 36. Rh2 Bh3 37. Rxh3 Nxh3 38. Rxg2+ Kf6 39. Kb4 Nf4 40. Rh2 Ne6 41. Bxe6 Kxe6 42. Kc5 Rd4 43. b4 Rd7 44. Rh6+ f6 45. Rh8 Rf7 46. Kb6 f5 47. exf5+ Rxf5 48. Kxb7 1-0

[Event "CZE-chT 0607"]
[Site "Czech Republic"]
[Date "2006.12.16"]
[Round "5.8"]
[White "Sikorova, Olga"]
[Black "Kopal, Josef"]
[Result "1-0"]
[WhiteElo "2276"]
[BlackElo "2288"]
[PlyCount "70"]
[EventDate "2006.12.01"]
[EventType "team"]
[EventRounds "11"]
[EventCountry "CZE"]
[SourceTitle "CBM 115 Extra"]
[Source "ChessBase"]
[SourceDate "2007.01.10"]
[SourceVersion "1"]
[SourceVersionDate "2007.01.10"]
[SourceQuality "1"]
[WhiteTeam "Trinec"]
[BlackTeam "Turnov Zikuda"]
[WhiteTeamCountry "CZE"]
[BlackTeamCountry "CZE"]

1. e4 Nf6 2. Nc3 d5 3. e5 Nfd7 4. Nxd5 Nxe5 5. Ne3 c5 6. b4 Nec6 7. bxc5 e5 8. Bb2 Bxc5 9. Bd3 Bd4 10. c3 Bb6 11. Qc2 h6 12. Ba3 Na6 13. Bxa6 bxa6 14. Nf3 Be6 15. Qa4 Qd7 16. 0-0 f5 17. d4 exd4 18. Nc4 Bxc4 19. Qxc4 Kd8 20. cxd4 Rc8 21. Qxa6 Qd5 22. Rfe1 Rc7 23. Qe2 Kc8 24. Rab1 g5 25. Qa6+ Kd7 26. Rb5 Qxa2 27. Rxf5 Re8 28. Ne5+ Nxe5 29. dxe5 Qc4 30. Rd1+ Ke6 31. Rf6+ Kxe5 32. Bb2+ Ke4 33. Qxc4+ Rxc4 34. Re1+ Kd3 35. Rxe8 Re4 1-0

[Event "Pardubice op-E"]
[Site "Pardubice"]
[Date "2006.07.16"]
[Round "4"]
[White "Kopal, Josef"]
[Black "Holubcik, Marian"]
[Result "1-0"]
[WhiteElo "2262"]
[BlackElo "2042"]
[PlyCount "59"]
[EventDate "2006.07.13"]
[EventType "swiss"]
[EventRounds "7"]
[EventCountry "CZE"]
[SourceTitle "CBM 113 Extra"]
[Source "ChessBase"]
[SourceDate "2006.09.14"]
[SourceVersion "1"]
[SourceVersionDate "2006.09.14"]
[SourceQuality "1"]

1. e4 d5 2. exd5 Qxd5 3. Nf3 Bg4 4. Be2 Nf6 5. 0-0 e6 6. h3 Bh5 7. d4 c6 8. c4 Qd8 9. Nc3 Bd6 10. Qb3 Qb6 11. Qd1 Qd8 12. Be3 0-0 13. Qd3 Qb6 14. Qc2 Qc7 15. Rfd1 Nbd7 16. Rac1 Rfd8 17. Qb3 b6 18. Qa4 a5 19. d5 Bxf3 20. Bxf3 Ne5 21. Be2 Rac8 22. dxc6 Qxc6 23. Qxc6 Rxc6 24. Nb5 Ne8 25. f4 Ng6 26. Bf3 Rdc8 27. Bxc6 Rxc6 28. Nxd6 Nxd6 29. c5 bxc5 30. Rxc5 1-0